[Event "CZE-chT2E 1213"]
[Site "Czech Republic"]
[Date "2013.03.24"]
[Round "11.8"]
[White "Blaha, Bohuslav"]
[Black "Trmac, Radek"]
[Result "1/2-1/2"]
[WhiteElo "1928"]
[BlackElo "1774"]
[PlyCount "35"]
[EventDate "2012.10.14"]
[EventType "team-tourn"]
[EventRounds "11"]
[EventCountry "CZE"]
[SourceTitle "EXT 2016"]
[Source "ChessBase"]
[SourceDate "2015.10.08"]
[SourceVersion "1"]
[SourceVersionDate "2015.10.08"]
[SourceQuality "1"]
[WhiteTeam "Stare Mesto III"]
[BlackTeam "Adamov"]
[WhiteTeamCountry "CZE"]
[BlackTeamCountry "CZE"]

1. e4 c5 2. Nf3 e6 3. d3 Nc6 4. g3 g6 5. Bg2 Bg7 6. 0-0 Nge7 7. Nbd2 d5 8. Re1 0-0 9. c3 dxe4 10. dxe4 Qc7 11. Nc4 Rd8 12. Qe2 b5 13. Ne3 Rb8 14. Ng4 Kh8 15. Bh6 Bxh6 16. Nxh6 Kg7 17. Qe3 Ne5 18. Qg5 1/2-1/2

[Event "SVK-ch op-B"]
[Site "Banska Stiavnica"]
[Date "2006.07.11"]
[Round "4"]
[White "Stric, Dusan"]
[Black "Blaha, Bohuslav"]
[Result "1-0"]
[WhiteElo "2144"]
[BlackElo "1981"]
[PlyCount "73"]
[EventDate "2006.07.08"]
[EventType "swiss"]
[EventRounds "9"]
[EventCountry "SVK"]
[SourceTitle "CBM 113 Extra"]
[Source "ChessBase"]
[SourceDate "2006.09.14"]
[SourceVersion "1"]
[SourceVersionDate "2006.09.14"]
[SourceQuality "1"]

1. c4 Nf6 2. Nc3 e6 3. g3 d5 4. cxd5 exd5 5. Nf3 Be7 6. Bg2 0-0 7. 0-0 c6 8. d3 Bf5 9. b3 Re8 10. Bb2 Nbd7 11. Nd4 Bg6 12. h3 h5 13. f4 c5 14. Nc2 d4 15. Ne4 Qc7 16. Rc1 a5 17. Nxd4 Qb6 18. Nf3 Rad8 19. Nxf6+ gxf6 20. e4 c4+ 21. Bd4 Bc5 22. Bxc5 Nxc5 23. d4 Nxe4 24. Kh2 cxb3 25. axb3 f5 26. Rc4 f6 27. Nh4 Kg7 28. Nxg6 Kxg6 29. Bf3 Re7 30. Bxh5+ Kh6 31. g4 fxg4 32. Qxg4 Rg7 33. Qh4 Rg3 34. Bf3+ Kg7 35. Bxe4 Rxh3+ 36. Qxh3 Rh8 37. Rg1+ 1-0